Welcome to CU Library Online Public Access Catalogue (OPAC)

FOUR GOSPELS, ONE JESUS? (Record no. 6989)

MARC details
000 -LEADER
fixed length control field 00433nam a22001577a 4500
005 - DATE AND TIME OF LATEST TRANSACTION
control field 20250716090301.0
008 - FIXED-LENGTH DATA ELEMENTS--GENERAL INFORMATION
fixed length control field 250716b |||||||| |||| 00| 0 eng d
020 ## - INTERNATIONAL STANDARD BOOK NUMBER
International Standard Book Number 9780802829801
050 ## - LIBRARY OF CONGRESS CALL NUMBER
Classification number BS2555
Item number .52 BUR
100 ## - MAIN ENTRY--PERSONAL NAME
Personal name BURRIDGE RICHARD A.
245 ## - TITLE STATEMENT
Title FOUR GOSPELS, ONE JESUS?
Remainder of title A SYMBOLIC READING
250 ## - EDITION STATEMENT
Edition statement 2ND
260 ## - PUBLICATION, DISTRIBUTION, ETC.
Place of publication, distribution, etc. MICHIGAN
Name of publisher, distributor, etc. W.B. EERDMANS PUBLISHING COMPANY
Date of publication, distribution, etc. c2005
300 ## - PHYSICAL DESCRIPTION
Extent xvi, 198p
942 ## - ADDED ENTRY ELEMENTS (KOHA)
Source of classification or shelving scheme Library of Congress Classification
Koha item type Books
Suppress in OPAC No
999 ## -
-- 6989
-- 6989
Holdings
Withdrawn status Lost status Source of classification or shelving scheme Damaged status Not for loan Collection Home library Current library Shelving location Date acquired Total checkouts Full call number Barcode Date last seen Copy number Price effective from Koha item type
    Library of Congress Classification     Non-fiction Undergraduate Library (Christ Temple) Undergraduate Library (Christ Temple) General stacks 07/16/2025   BS2555.25 BUR ulct00003879 07/16/2025 1 07/16/2025 Books
© 2023-2024 Copyright: Central University Libraries. All Rights Reserved | Created by: Mahone Tech Office